000 01421nam a2200385 c 4500
003 BLK
005 20250710132706.0
008 180408b bul|||||r ||||||| ||bul||
010 _aKNG00078067000
020 _a978-954-533-073-5
_bиздат.: Кралица МАБ
040 _aBLK
041 _aBUL
_cBUL
080 _aСтудена война
_b327.54
_x(100)
_z327.54(100)
100 1 _aГадис, Джон Луис
_eпърви автор
_950579
700 1 _aДуков, Леонид
_eпрев.
_9269005
139 _aГадис, Джон Луис
_bГ 15
245 1 0 _aСтудената война
_bНова история
_cДжон Луис Гадис; прев. Леонид Дуков.
257 _aUSA
260 София
_bКралица МАБ
_c2007
_fСофия : Експреспринт
300 _a351 с.
_bсъс сн.
_c20 см
380 _a9
500 _aОриг. загл. The Cold War : A New History / John Lewis Gaddis
590 _aф
650 4 _aСтудена война
_9278784
650 4 _aВъншна политика - история
_9260493
653 _aСтудена война
653 _aвъншна политика
653 _aистория
852 _aЦб 235911
856 4 _qpdf
_u
856 4 _qpdf
_u
942 _cKNG
_n0
_07
944 _aCR
_c02.10.2007
_k30531
_lЦветелина Шанова
944 _aED
_c20.10.2008
_k
999 _c73672
_d73672